Innovative approaches to development planning. (Record no. 135572)

MARC details
000 -LEADER
fixed length control field 00612nam a22002057a 4500
005 - DATE AND TIME OF LATEST TRANSACTION
control field 20170124110247.0
010 ## - LIBRARY OF CONGRESS CONTROL NUMBER
LC control number A-370863
020 ## - INTERNATIONAL STANDARD BOOK NUMBER
Terms of availability 00.00
International Standard Book Number 9231025392
035 ## - SYSTEM CONTROL NUMBER
System control number A-370863
037 ## - SOURCE OF ACQUISITION
Source of stock number/acquisition Cen Lib/Ret
040 ## - CATALOGING SOURCE
Original cataloging agency DPL
Language of cataloging EN
082 ## - DEWEY DECIMAL CLASSIFICATION NUMBER
Classification number 330.124
Item number INN
245 ## - TITLE STATEMENT
Title Innovative approaches to development planning.
260 ## - PUBLICATION, DISTRIBUTION, ETC. (IMPRINT)
Place of publication, distribution, etc Paris
Name of publisher, distributor, etc UNESCO
Date of publication, distribution, etc 1988
270 ## - ADDRESS
City Paris
Address 7 place de Fontenoy
Postal code 75700
300 ## - PHYSICAL DESCRIPTION
Extent 266p.
Dimensions 21cm(Hb)
650 ## - SUBJECT ADDED ENTRY--TOPICAL TERM
Topical term or geographic name as entry element Economic development.
9 (RLIN) 1481
650 ## - SUBJECT ADDED ENTRY--TOPICAL TERM
Topical term or geographic name as entry element Desenvolvimento Socio-economico -- Planejamento.
9 (RLIN) 97700
942 ## - ADDED ENTRY ELEMENTS (KOHA)
Source of classification or shelving scheme Dewey Decimal Classification
Koha item type English Books
Classification part 330.124
Call number suffix INN
Holdings
Withdrawn status Lost status Damaged status Not for loan Home library Current library Date acquired Source of acquisition Cost, normal purchase price Total Checkouts Full call number Barcode Date last seen Copy number Cost, replacement price Price effective from Koha item type Public note
Written off       Central Library Central Library 07/10/2015 Cen Lib/Ret 0.00   330.124 INN A-370863 07/10/2015 1 0.00 07/10/2015 English Books Written off on approval by DLB (By Circulation); dtd 15-06-2023

© Delhi Public Library
Hit Counter
free hit counter